000 01540nam a22002897a 4500
005 20170124103127.0
010 _aB-081514
020 _c175.00
_a8171198473
035 _aB-081514
037 _bCen Lib/Ret
040 _aDPL
_bHN
082 _a302.23
_bझाकाली
100 _aझा, कालीदत्त
_983509
245 _aराज्य सरकार और जनसम्पर्क /
_cकालीदत्त झा, रघुनाथ प्रसाद तिवारी [और] महेन्द्र मधुप ; सम्पादक वहीद अहमद क़ाज़ी
246 _aRajye sarkar aur jansampark /
_bby Kalidutt Jha, Raghunath Prasad Tiwari [aur] Mahendra Madhup;sampadak Vaheed Ahmad Kazi
260 _bराधाकृष्ण प्रकाशन
_aदिल्ली
_c2003
270 _bदिल्ली
_e110051
_aजी-17, जगतपुरी
300 _axvi,166पृ.
_c22सेमी(सजिल्द)
650 _aजनसंपर्क और समाचार पत्र
_983510
650 _aसंचार माध्यम -- चुनाव
_93237
650 _apublic relation and newspapers
_983511
650 _aMedia - Elections
_983512
700 _a क़ाज़ी, वहीद अहमद
_983513
700 _a मधुप, महेन्द्र
_983514
700 _aतिवारी, रघुनाथ प्रसाद
_945081
942 _2ddc
_cHN
_h302.23
_mझाकाली
999 _c119133
_d119133